Statistics for Vocabulary Click Quiz - 1

Click here to take the quiz!

General Stats

  • This quiz has been taken 230 times
  • The average score is 11 of 20

Answer Stats

HintAnswer% Correct
Study or skill of preparing and serving cocktailsMixology
88%
Belief that life is meaninglessNihilism
82%
Commotion or fussKerfuffle
78%
Study of the methods and principles of teachingPedagogy
75%
Quick in noticing, understanding, or judging things accuratelyPerspicacious
67%
Formally and publically renounce somethingAbjure
66%
Partially shaded outer region of a shadowPenumbra
65%
Literary work written as a series of letters and documentsEpistolary
64%
Unconscious grinding of the teeth at nightBruxism
63%
Relating to moneyPecuniary
63%
Lack of thought or intelligence; empty-headednessVacuity
62%
Lasting a very short timeEphemeral
60%
Very sentimental or emotionalMaudlin
49%
Little dot above a lowercase j or iTittle
49%
Official Name for the # symbolOctothorpe
43%
Gadget or device, something with little or no valueGubbins
29%
Servant employed to do a variety of jobsFactotum
27%
Pertaining to breakfastJentacular
26%
Humanity towards others
Ubuntu
21%
Person who never laughsAgelast
20%

Score Distribution

Percentile by Number Answered

Percent of People with Each Score

Your Score History

You have not taken this quiz